Normal view MARC view
  • Punjab (Pakistan)

Entry Geographic Name

Number of records used in: 4

001 - CONTROL NUMBER

  • control field: 3744

003 - CONTROL NUMBER IDENTIFIER

  • control field: NUST

005 - DATE AND TIME OF LATEST TRANSACTION

  • control field: 20170806110907.0

008 - FIXED-LENGTH DATA ELEMENTS

  • fixed length control field: 170806|| aca||aabn | a|a d

040 ## - CATALOGING SOURCE

  • Original cataloging agency: NUST
  • Transcribing agency: NUST

151 ## - HEADING--GEOGRAPHIC NAME

  • Geographic name: Punjab (Pakistan)
  • General subdivision: Archival resources.

670 ## - SOURCE DATA FOUND

  • Source citation: Work cat.: (NUST)0: Niazi, Liaquat Ali Khan, author. 3742, An introduction to the Punjab Government archives :
© 2023 Central Library, National University of Sciences and Technology. All Rights Reserved.